000 00619nam a2200193Ia 4500
003 GCL
008 140319s9999 xx 000 0 ara d
040 _aGCL /
_cGCL
082 0 4 _a020
_bع د
100 1 _aعبدالوهاب ابوالنور
245 1 0 _aدراسات فى علوم المكتبات والتوثيق والببليوجرافيا /
_cعبدالوهاب ابوالنور
300 _a291 ص
490 _aكتاب
_v0
650 0 4 _aالتصنيف
650 0 4 _aالببليوجرافيا
650 0 4 _aالببليوجرافيا, علم
650 0 4 _aالمكتبات، علم
942 _2ddc
_cBK
999 _c41999
_d41999